[Event "It (open)"]
[Site "Aarhus (Denmark)"]
[Round "7"]
[White "Hansen Sune Berg (DEN)"]
[Black "Worsfold Oliver (ENG)"]
[Result "1-0"]
[WhiteElo "2566"]
[BlackElo "2270"]

1.d4 d6 2.Nf3 g6 3.c4 Bg7 4.Nc3 c5 5.d5 Bxc3+ 6.bxc3 Qa5 7.Qb3 Nf6 8.Nd2 Nbd7
9.e4 Rb8 10.a4 a6 11.Qc2 e5 12.Be2 O-O 13.Ra3 Ne8 14.Nf1 f5 15.Bh6 Ng7 16.exf5
Rxf5 17.Ng3 Nf6 18.O-O b5 19.Nxf5 Bxf5 20.Qb2 b4 21.Rb3 Qb6 22.cxb4 cxb4 23.a5
Qxa5 24.Ra1 {#r} 1-0

[Event "It (open)"]
[Site "Val Thorens (France)"]
[Round "1"]
[White "Plass Heinz (GER)"]
[Black "Popchev Milko (BUL)"]
[Result "0-1"]
[WhiteElo "2180"]
[BlackElo "2278"]

1.d4 d6 2.c4 e5 3.d5 f5 4.e3 g6 5.Be2 Bg7 6.Nc3 Nd7 7.Nf3 Nh6 8.h4 O-O 9.Qc2
e4 10.Nd4 Ne5 11.Bd2 c5 12.dxc6 bxc6 13.f4 exf3 14.gxf3 c5 15.Ndb5 a6 16.Na3
f4 17.Qe4 Rb8 18.h5 Rxb2 19.exf4 Bf5 20.Qd5+ Nef7 21.Rc1 Re8 22.hxg6 hxg6
23.Ne4 Rxa2 24.Ng5 Qe7 {#R} 0-1

[Event "Bundesliga 1990/91"]
[Site "Germany"]
[Round "0"]
[White "Dorner Matthias (GER)"]
[Black "Lingnau Carsten (GER)"]
[Result "0-1"]
[WhiteElo "2204"]
[BlackElo "2407"]

1.d4 d6 2.Nf3 Bg4 3.Bf4 Nd7 4.Nbd2 Ngf6 5.h3 Bh5 6.c3 c6 7.Qb3 Qc7 8.e3 e6
9.Bc4 Be7 10.a4 O-O 11.O-O e5 12.Bg5 Rfe8 13.Qa2 a5 14.Nh4 Bf8 15.Rfe1 d5
16.Bf1 Qb6 {#R} 0-1

[Event "It (open)"]
[Site "Ostend (Belgium)"]
[Round "0"]
[White "Piket Jeroen (NED)"]
[Black "Cifuentes Parada Roberto (ESP)"]
[Result "1-0"]
[WhiteElo "2495"]
[BlackElo "2462"]

1.d4 d6 2.Nf3 g6 3.c4 Bg7 4.e4 e5 5.Be2 exd4 6.Nxd4 Ne7 7.h4 Nbc6 8.Be3 h5
9.Nc3 Ne5 10.Qd2 a6 11.O-O-O b5 12.cxb5 Ng4 13.Bxg4 Bxg4 14.f3 Bd7 15.b6 cxb6
16.Nde2 d5 17.Nxd5 Nxd5 18.Qxd5 Qc8+ 19.Kb1 Be6 20.Qd6 Qc4 21.b3 Qxe2 22.Qc6+
Bd7 23.Qxa8+ Ke7 24.Bg5+ f6 25.Rxd7+ Kxd7 26.Qd5+ Ke7 27.Rc1 {#r} 1-0

[Event "It (open) "]
[Site "Budapest (Hungary)"]
[Round "0"]
[White "Feher Attila (HUN)"]
[Black "Titov German (MDA)"]
[Result "0-1"]
[WhiteElo "2130"]
[BlackElo "2460"]

1.d4 d6 2.c3 g6 3.Bg5 Bg7 4.Nd2 Nf6 5.e4 O-O 6.h3 c5 7.Ngf3 cxd4 8.cxd4 Nc6
9.Bd3 Nd7 10.d5 Nb4 11.Be2 a5 12.a3 Na6 13.Rb1 Nac5 14.b3 Nf6 15.Bxf6 exf6
16.O-O f5 17.b4 Nxe4 18.Qb3 Nc3 19.Rbe1 a4 20.Qc4 Bd7 21.Qf4 Rc8 22.Bd3 Qf6
23.Nc4 Bb5 24.Nxd6 Bxd3 25.Nxc8 Rxc8 {#R} 0-1

[Event "It"]
[Site "Toronto (Canada)"]
[Round "9"]
[White "Marovic Drazen (CRO)"]
[Black "Piasetski Leon (CAN)"]
[Result "0-1"]
[WhiteElo "2445"]
[BlackElo "2415"]

1.d4 d6 2.Nf3 Bg4 3.c4 Bxf3 4.gxf3 c6 5.Nc3 g6 6.Qc2 Bg7 7.e3 e6 8.b4 Nd7
9.Rb1 Ne7 10.Ne4 Nc8 11.b5 c5 12.dxc5 dxc5 13.h4 Qe7 14.f4 f5 15.Ng5 Nd6
16.Nf3 O-O-O 17.Bb2 e5 18.fxe5 Nxe5 19.Nd2 f4 20.e4 Nf5 21.Bxe5 Qxe5 22.Bh3
Kb8 23.Bxf5 gxf5 24.Kf1 Rxd2 {#R} 0-1

[Event "It"]
[Site "Belgorod (Russia)"]
[Round "0"]
[White "Borges Mateos Juan (CUB)"]
[Black "Kantsler Boris (ISR)"]
[Result "0-1"]
[WhiteElo "2444"]
[BlackElo "2411"]

1.d4 d6 2.Nf3 g6 3.c4 Bg7 4.Nc3 e5 5.Bg5 f6 6.Bh4 g5 7.Bg3 f5 8.h3 e4 9.Nd2
Bxd4 10.Ndxe4 Bg7 11.Nd2 f4 12.Bh2 Ne7 13.e3 fxe3 14.Qh5+ Ng6 15.fxe3 Bxc3
16.bxc3 Qe7 17.Bd3 Qxe3+ {#R} 0-1

[Event "It (open)"]
[Site "Tampere (Finland)"]
[Round "0"]
[White "Paasikangas-T Johanna (FIN)"]
[Black "Hermlin Aarne (EST)"]
[Result "0-1"]
[WhiteElo "2237"]
[BlackElo "2233"]

1.d4 d6 2.c4 e5 3.d5 f5 4.Nc3 Nf6 5.g3 g6 6.Bg2 Bg7 7.Nf3 O-O 8.O-O a5 9.Rb1
Qe7 10.a3 h6 11.b4 axb4 12.axb4 g5 13.e3 Qf7 14.Nb5 Na6 15.Qb3 Bd7 16.Nc3 Rae8
17.Ne1 f4 18.f3 fxg3 19.hxg3 g4 20.f4 exf4 21.exf4 Bf5 22.Rb2 Nh5 23.Kh2 Re7
24.Re2 Rfe8 25.Rff2 Bxc3 {#R} 0-1

[Event "It (open)"]
[Site "Corfu (Greece)"]
[Round "0"]
[White "Komarov Dimitri (UKR)"]
[Black "Gaidatzis Sotirios (GRE)"]
[Result "1-0"]
[WhiteElo "2475"]
[BlackElo "2220"]

1.d4 d6 2.Nc3 Nd7 3.Nf3 g6 4.h4 Ngf6 5.Bf4 Bg7 6.Qd2 c5 7.Bh6 Bxh6 8.Qxh6 cxd4
9.Nxd4 Qb6 10.O-O-O Nc5 11.h5 Ne6 12.hxg6 Nxd4 13.Qg7 Rf8 14.gxh7 Nxh7 15.Rxd4
Nf6 16.Rh8 Qxd4 17.Qxf8+ Kd7 18.e3 {#r} 1-0

[Event "It (cat.9) "]
[Site "Rimavska Sobota (Slovakia)"]
[Round "13"]
[White "Molnar Vojtech (SVK)"]
[Black "Lputian Smbat G (ARM)"]
[Result "0-1"]
[WhiteElo "2129"]
[BlackElo "2570"]

1.d4 d6 2.c4 e5 3.dxe5 dxe5 4.Qxd8+ Kxd8 5.Nc3 c6 6.e3 Be6 7.b3 Nd7 8.Nf3 f6
9.Be2 a5 10.Bb2 Nc5 11.O-O Ne7 12.Nd2 Nc8 13.Nde4 Nb6 14.Nxc5 Bxc5 15.a4 Nd7
16.Ne4 Kc7 17.Rfd1 Bb4 18.Bc3 Bxc3 19.Nxc3 Nc5 20.Rab1 Rhd8 21.Kf1 Bf5 22.Rb2
Rxd1+ 23.Nxd1 Ra6 {#R} 0-1

[Event "It (open)"]
[Site "San Sebastian (Spain)"]
[Round "25"]
[White "Moreno Carnero Javier (ESP)"]
[Black "Azmaiparashvili Zurab (GEO)"]
[Result "0-1"]
[WhiteElo "2519"]
[BlackElo "2637"]

1.d4 d6 2.c4 e5 3.Nf3 exd4 4.Nxd4 g6 5.Nc3 Bg7 6.g3 Ne7 7.Bg2 Nbc6 8.Be3 Ne5
9.O-O O-O 10.Nd5 c6 11.Nxe7+ Qxe7 12.Rc1 Ng4 13.Bf4 g5 14.Nxc6 bxc6 15.Bxd6
Qf6 16.Bxc6 Rd8 17.c5 Qh6 18.h4 gxh4 19.Bxa8 hxg3 20.Bxg3 Rxd1 21.Rfxd1 Qg5
22.Rc4 Ne3 23.Re4 Nxd1 24.Re8+ Bf8 25.Rxc8 Nxf2 26.Kg2 Nh1 {#R} 0-1

[Event "It (open)"]
[Site "Lyngby (Denmark)"]
[Round "0"]
[White "Nielsen Lars Aaes (DEN)"]
[Black "Hoi Carsten (DEN)"]
[Result "0-1"]
[WhiteElo "2231"]
[BlackElo "2405"]

1.d4 d6 2.Bg5 g6 3.Nf3 Bg7 4.e3 Nf6 5.Bc4 O-O 6.O-O Nbd7 7.c3 e6 8.Nbd2 Qe7
9.Qc2 b6 10.e4 h6 11.Bh4 g5 12.Bg3 Nh5 13.e5 dxe5 14.Bxe5 Nxe5 15.Nxe5 Bb7
16.Be2 Nf4 17.Bf3 c5 18.Rfe1 cxd4 19.cxd4 Rfd8 20.g3 Rac8 21.Qa4 Nh3+ 22.Kg2
Bxe5 23.Rxe5 g4 24.Bxb7 Qxb7+ 25.d5 f5 26.Ne4 fxe4 27.Qxe4 Ng5 28.Qxg4 Rxd5
{#R} 0-1

[Event "It (open)"]
[Site "Bad Mondorf (Germany)"]
[Round "0"]
[White "Tolk Peter (NED)"]
[Black "Frank Bjoern (GER)"]
[Result "1-0"]
[WhiteElo "2101"]
[BlackElo "2125"]

1.d4 d6 2.Nf3 Bg4 3.c3 c6 4.Nbd2 Nd7 5.e4 e5 6.Bc4 Ngf6 7.Qb3 Qb6 8.Bxf7+ Ke7
9.Qxb6 axb6 10.Bb3 g6 11.dxe5 dxe5 12.O-O Bxf3 13.Nxf3 Nxe4 14.Re1 Nec5
15.Bg5+ Kd6 16.Rad1+ Kc7 17.Nxe5 Nxe5 18.Rxe5 Bd6 19.Bf4 Nd7 20.Re7 Bxf4
21.Rdxd7+ Kc8 22.Be6 {#r} 1-0

[Event "It (open)"]
[Site "Dieren (Netherlands)"]
[Round "8"]
[White "Verdonk Roland (NED)"]
[Black "Hartoch Robert G (NED)"]
[Result "0-1"]
[WhiteElo "2316"]
[BlackElo "2198"]

1.d4 d6 2.Bg5 h6 3.Bh4 c5 4.d5 g5 5.Bg3 Bg7 6.c3 Nf6 7.e4 Qb6 8.Qc2 Nxe4
9.Qxe4 Qxb2 10.Bxd6 O-O 11.Bd3 f5 12.Qxe7 Bd7 13.Qe3 Re8 14.Be7 Qxa1 15.Ne2
Qxa2 16.Nd2 Qa1+ 17.Bb1 Bf6 18.d6 Nc6 19.O-O Nxe7 20.dxe7 Rxe7 21.Qd3 Rae8
22.Qd5+ Be6 23.Qxc5 Qb2 24.Nd4 Qxd2 25.Nxe6 Rxe6 26.Qxf5 Bg7 {#R} 0-1

[Event "It (cat.10)"]
[Site "Cacak (Yugoslavia)"]
[Round "3"]
[White "Drasko Milan (MNE)"]
[Black "Popchev Milko (BUL)"]
[Result "1-0"]
[WhiteElo "2446"]
[BlackElo "2278"]

1.d4 d6 2.Nf3 Bg4 3.c4 Bxf3 4.gxf3 c6 5.Nc3 g6 6.e3 e5 7.dxe5 dxe5 8.Qxd8+
Kxd8 9.a3 Nd7 10.b4 f5 11.e4 fxe4 12.Nxe4 Kc7 13.Bb2 Re8 14.Rd1 Ndf6 15.Ng5
Nh6 16.Bh3 Kb8 17.O-O Nh5 18.Ne6 Nf7 19.Rd8+ Rxd8 20.Nxd8 Nf4 21.Bg4 Ne2+
22.Kh1 Nxd8 23.Bxe5+ Bd6 24.Bxh8 h5 25.Re1 hxg4 26.Rxe2 gxf3 27.Re8 Kc7 {#r}
1-0

[Event "Ch Czechoslovakia (juniors)"]
[Site "Pardubice (Czech Republic)"]
[Round "7"]
[White "Cech Pavel (CZE)"]
[Black "Goban Marek (SVK)"]
[Result "0-1"]
[WhiteElo "2388"]
[BlackElo "2101"]

1.d4 d6 2.Bg5 Nd7 3.Nf3 Ngf6 4.Nbd2 g6 5.e4 Bg7 6.Bd3 O-O 7.O-O h6 8.Bh4 Nh5
9.Re1 Nf4 10.Bf1 g5 11.Bg3 Ng6 12.Nc4 e6 13.h3 f5 14.exf5 exf5 15.Bd3 Qf6
16.h4 g4 17.h5 gxf3 18.hxg6 f4 19.Bh2 fxg2 20.c3 Qg5 21.Qf3 d5 22.Nd2 c5
23.Rad1 cxd4 24.cxd4 Nb6 25.Qxg2 Bg4 26.Rc1 f3 27.Qg3 h5 28.Kh1 Qxd2 {#R} 0-1

[Event "Ch URS (1/2 final)"]
[Site "Voronezh (Russia)"]
[Round "0"]
[White "Trotsenko Dmitriy M (RUS)"]
[Black "Dmitriev Igor (RUS)"]
[Result "0-1"]
[WhiteElo "2194"]
[BlackElo "2228"]

1.d4 d6 2.c4 g6 3.Nf3 Bg7 4.g3 c6 5.Bg2 Bg4 6.h3 Bxf3 7.exf3 Qb6 8.O-O Bxd4
9.Nc3 c5 10.Re1 Nc6 11.Nd5 Qd8 12.Qa4 Kf8 13.Bd2 Kg7 14.Rad1 e6 15.Nf4 Qd7
16.b4 Nf6 17.Ne2 e5 18.bxc5 dxc5 19.f4 e4 20.g4 Rhe8 21.Ng3 Rad8 22.g5 Nh5
23.Nxh5+ gxh5 24.Qc2 f5 25.gxf6+ Kxf6 26.Rxe4 Rg8 27.f5 Ne5 28.Bf4 Qg7 {#R}
0-1

[Event "It "]
[Site "Budapest (Hungary)"]
[Round "10"]
[White "Kovacs Janos (HUN)"]
[Black "Higatsberger Michael (AUT)"]
[Result "1-0"]
[WhiteElo "2129"]
[BlackElo "2148"]

1.d4 d6 2.c4 e5 3.dxe5 dxe5 4.Qxd8+ Kxd8 5.b3 Be6 6.Bb2 f6 7.Nc3 c6 8.g3 Nd7
9.Bh3 Bxh3 10.Nxh3 a5 11.f4 Kc7 12.fxe5 Nxe5 13.Nf4 Re8 14.O-O-O Nh6 15.Nd3
Nhg4 16.Nxe5 Rxe5 17.Rd4 h5 18.Rhd1 Be7 19.Rd7+ Kc8 20.Nb5 Rxe2 21.Rc7+ Kb8
22.Rdd7 Bc5 23.Rxb7+ Ka8 24.Bd4 Ne5 25.Bxc5 Nxd7 26.Ra7+ Kb8 27.Bd6+ Kc8
28.Nd4 {#r} 1-0

[Event "It"]
[Site "Star Dojran (Macedonia)"]
[Round "10"]
[White "Rashkovsky Nukhim N (RUS)"]
[Black "Bielczyk Jacek (POL)"]
[Result "1-0"]
[WhiteElo "2540"]
[BlackElo "2290"]

1.d4 d6 2.Nf3 g6 3.g3 Bg7 4.Bg2 Nd7 5.O-O e5 6.e4 Ne7 7.a4 O-O 8.Nc3 Nc6 9.Bg5
f6 10.Be3 f5 11.exf5 gxf5 12.dxe5 dxe5 13.Ng5 Nf6 14.Bc5 h6 15.Bxf8 Qxf8
16.Bd5+ Kh8 17.Nf7+ Kh7 18.Bxc6 Qxf7 19.Bg2 Be6 20.Bxb7 Rb8 21.Bg2 e4 22.f3
Bc4 23.Re1 Bf8 24.Kh1 Bc5 25.b3 Ba6 26.Rb1 Qh5 27.Nd5 {#r} 1-0

[Event "It (open)"]
[Site "Mexico"]
[Round "0"]
[White "Mendez Salvador (MEX)"]
[Black "Pein Malcolm (ENG)"]
[Result "0-1"]
[WhiteElo "2205"]
[BlackElo "2357"]

1.d4 d6 2.c4 e5 3.e3 Nd7 4.Nc3 g6 5.Bd3 Bg7 6.Nge2 f5 7.Qb3 Ne7 8.h3 h6 9.g4
fxg4 10.c5 dxc5 11.Bd2 exd4 12.Ne4 Nb6 13.exd4 Qd5 14.Qc2 O-O 15.N2c3 Qe6
16.dxc5 Nc6 17.Ne2 Ne5 {#R} 0-1

[Event "It (active)"]
[Site "Oviedo (Spain)"]
[Round "0"]
[White "Acebal J Maria (ESP)"]
[Black "Dorfman Iossif D (FRA)"]
[Result "0-1"]
[WhiteElo "2327"]
[BlackElo "2567"]

1.d4 d6 2.c4 e5 3.Nf3 Nc6 4.Nc3 Bg4 5.e3 g6 6.Be2 Bg7 7.O-O Nge7 8.d5 Nb8 9.e4
O-O 10.Nd2 Bxe2 11.Qxe2 Nd7 12.Rb1 a5 13.b3 f5 14.a3 Kh8 15.b4 axb4 16.axb4
Ng8 17.Bb2 Ngf6 18.Nb3 Nh5 19.c5 Nf4 20.Qc2 Nf6 21.f3 fxe4 22.fxe4 Ng4 23.Rbe1
Qh4 24.h3 Qg3 25.hxg4 Nh3+ 26.Kh1 Nf2+ 27.Kg1 Nxg4 {#R} 0-1

[Event "Ch France (team)"]
[Site "France"]
[Round "0"]
[White "Gurevich Mikhail (TUR)"]
[Black "Garrido Denis (FRA)"]
[Result "1-0"]
[WhiteElo "2630"]
[BlackElo "2277"]

1.d4 d6 2.Bg5 g6 3.e3 Bg7 4.c4 Nf6 5.Nc3 O-O 6.Be2 c6 7.Nf3 a6 8.O-O b5 9.b4
a5 10.a3 bxc4 11.Bxc4 Nbd7 12.b5 Nb6 13.Be2 cxb5 14.Nxb5 h6 15.Bxf6 exf6
16.Rc1 Bb7 17.Qd2 Qb8 18.Nc7 Ra7 19.d5 Rc8 20.Nb5 Ra8 21.e4 Kh7 22.Nfd4 Nd7
23.Nc6 Bxc6 24.dxc6 Ne5 25.c7 Qb7 26.f4 {#r} 1-0

[Event "It (open)"]
[Site "Las Palmas (Spain)"]
[Round "0"]
[White "Hernandez Roman (CUB)"]
[Black "Anguix Garrido Juan F (ESP)"]
[Result "0-1"]
[WhiteElo "2375"]
[BlackElo "2403"]

1.d4 d6 2.Nf3 Bg4 3.e3 Nf6 4.Be2 e6 5.O-O Be7 6.c4 c6 7.Nc3 d5 8.cxd5 exd5
9.b3 Nbd7 10.Bb2 Bd6 11.h3 Bh5 12.Nh4 Bg6 13.Rc1 O-O 14.Bd3 Bxd3 15.Qxd3 g6
16.Nf3 Re8 17.Nd2 Nh5 18.e4 Qg5 19.Rfe1 Qxg2+ 20.Kxg2 Nf4+ {#R} 0-1

[Event "Spartakiada URS"]
[Site "Azov (Russia)"]
[Round "16"]
[White "Zilberman Nathan R (KGZ)"]
[Black "Agrest Evgenij (SWE)"]
[Result "0-1"]
[WhiteElo "2330"]
[BlackElo "2596"]

1.d4 d6 2.Nf3 Bg4 3.c4 Nd7 4.e4 e5 5.Be3 Be7 6.Nc3 Bxf3 7.Qxf3 Bg5 8.g3 Bxe3
9.Qxe3 Ne7 10.d5 O-O 11.O-O-O f5 12.f3 a5 13.Bh3 f4 14.gxf4 exf4 15.Qe2 Ng6
16.Be6+ Kh8 17.h4 Nc5 18.h5 Ne5 19.Bf5 Qe7 20.Nb5 Rxf5 21.exf5 Ned3+ 22.Kd2
Qf6 23.Nc3 Nxb2 24.Rde1 h6 25.Ne4 Qd4+ 26.Kc2 Nxc4 {#R} 0-1

[Event "It (open) "]
[Site "Cologne (Germany)"]
[Round "2"]
[White "Langen Roger (CAN)"]
[Black "Hogenacker Jacques (GER)"]
[Result "0-1"]
[WhiteElo "2131"]
[BlackElo "2266"]

1.d4 d6 2.c4 e5 3.dxe5 dxe5 4.Qxd8+ Kxd8 5.Nc3 Be6 6.Nf3 f6 7.b3 Nd7 8.g3 c6
9.Bg2 g6 10.Nd2 f5 11.e4 Nh6 12.O-O Bg7 13.Ba3 f4 14.Nf3 Nf7 15.Rfd1 g5 16.Rd3
Bf8 17.Bxf8 Rxf8 18.Na4 Kc7 19.Rad1 b6 20.Ne1 g4 21.b4 f3 22.Bf1 Nf6 23.Nc3
Bxc4 24.R3d2 Bxf1 25.Kxf1 Rfd8 26.Nc2 Rxd2 27.Rxd2 Nd6 {#R} 0-1

[Event "It (open)"]
[Site "Dresden (Germany)"]
[Round "0"]
[White "Schuh Hubert (GER)"]
[Black "Jankovskis Guntis (LAT)"]
[Result "0-1"]
[WhiteElo "2292"]
[BlackElo "2296"]

1.d4 d6 2.c4 e5 3.Nf3 e4 4.Ng5 f5 5.Nh3 Nf6 6.Bg5 Be7 7.e3 c6 8.Nc3 Na6 9.Nf4
Nc7 10.Bxf6 Bxf6 11.g4 O-O 12.Bg2 Bg5 13.Nh5 f4 14.exf4 Bxf4 15.Nxe4 d5
16.cxd5 cxd5 17.Nc3 Qh4 18.Bf3 Bxg4 19.Bxg4 Rae8+ 20.Be2 Qxh5 21.Qd3 Qh4
22.Rf1 Be3 23.Nxd5 Bxd4 24.Kd2 Na6 25.Rac1 Kh8 26.Qg3 Qh6+ 27.f4 Nc5 28.Bd3
Nxd3 {#R} 0-1

[Event "Match (team) (active)"]
[Site "Cannes (France)"]
[Round "0"]
[White "Miralles Gilles (FRA)"]
[Black "Hodgson Julian M (ENG)"]
[Result "0-1"]
[WhiteElo "2470"]
[BlackElo "2535"]

1.d4 d6 2.c4 e5 3.Nf3 e4 4.Ng5 f5 5.g3 h6 6.Nh3 g5 7.Bg2 Bg7 8.Nc3 Nc6 9.d5
Ne5 10.Be3 Nf6 11.Bd4 Qe7 12.O-O O-O 13.Rc1 c5 14.dxc6 bxc6 15.b3 Kh8 16.f3 c5
17.Bxe5 Qxe5 18.Nb5 Rd8 19.f4 Qe7 20.fxg5 hxg5 21.Nxg5 Ng4 22.Qd5 Qxg5 23.Qxa8
Qh6 24.h3 Qe3+ 25.Kh1 Qxg3 26.hxg4 Be5 27.Kg1 Qh2+ 28.Kf2 Bg3+ {#R} 0-1

[Event "It (open)"]
[Site "Munich (Germany)"]
[Round "0"]
[White "Martynov Pavel (RUS)"]
[Black "Lorscheid Gerhard (GER)"]
[Result "1-0"]
[WhiteElo "2369"]
[BlackElo "2254"]

1.d4 d6 2.Nf3 g6 3.Bg5 Bg7 4.c3 Nf6 5.Qc1 h6 6.Bf4 Bg4 7.h3 Bxf3 8.exf3 Nbd7
9.Bc4 e6 10.O-O h5 11.a4 O-O 12.Nd2 Qe7 13.Re1 c5 14.dxc5 Nxc5 15.Ne4 Rfd8
16.Nxc5 dxc5 17.Bg5 Qf8 18.Qc2 Kh7 19.g4 hxg4 20.hxg4 Qd6 21.Kg2 Rh8 22.Rad1
Qc7 23.Rxe6 fxe6 24.Bxe6 Ng8 25.Rd7 Qe5 26.Qc1 Nf6 27.Bxf6 {#r} 1-0

[Event "Ch Europe (juniors)"]
[Site "Rimavska Sobota (Slovakia)"]
[Round "0"]
[White "Hadas Yaron (ISR)"]
[Black "Verlan Sergei (MDA)"]
[Result "1-0"]
[WhiteElo "2231"]
[BlackElo "2252"]

1.d4 d6 2.g3 g6 3.Bg2 Bg7 4.Nf3 c6 5.O-O Nf6 6.Nc3 Nbd7 7.a4 a5 8.e4 e5 9.h3
O-O 10.Be3 Re8 11.d5 Qc7 12.Nd2 Bf8 13.Qe2 Nb6 14.Nc4 Nfd7 15.Rfd1 cxd5
16.Nxb6 Nxb6 17.Bxb6 Qxb6 18.Nxd5 Qd8 19.Qb5 Bd7 20.Qxd7 Qxd7 21.Nf6+ {#r} 1-0

[Event "Ch Moscow (w)"]
[Site "Moscow (Russia)"]
[Round "5"]
[White "Melkumova N (RUS)"]
[Black "Fatalibekova Elena (RUS)"]
[Result "0-1"]
[WhiteElo "2120"]
[BlackElo "2242"]

1.d4 d6 2.Nf3 g6 3.c4 Bg7 4.Nc3 Bg4 5.h3 Bxf3 6.exf3 Nf6 7.Be3 O-O 8.Qd2 d5
9.b3 c5 10.cxd5 Nxd5 11.Nxd5 Qxd5 12.O-O-O Nc6 13.Bc4 Qd6 14.d5 Qf6 15.Bxc5
Rac8 16.Rde1 b5 17.dxc6 bxc4 18.Bxe7 Qa1+ 19.Kc2 Qxa2+ 20.Kc1 cxb3 {#R} 0-1

[Event "Ch World (juniors) (under 16) (g)"]
[Site "Duisburg (Germany)"]
[Round "0"]
[White "Schmid Shahanah (SUI)"]
[Black "Bartosik Olimpia (POL)"]
[Result "0-1"]
[WhiteElo "2069"]
[BlackElo "2072"]

1.d4 d6 2.c4 e5 3.e4 exd4 4.Qxd4 Nc6 5.Qd1 Nf6 6.Nc3 g6 7.f3 Bg7 8.Be3 Be6
9.Qd2 a6 10.b3 Nd7 11.Rc1 O-O 12.Nge2 f5 13.Nf4 Bf7 14.exf5 gxf5 15.Be2 Re8
16.O-O Rxe3 {#R} 0-1

[Event "Ch Romania (team)"]
[Site "Romania"]
[Round "0"]
[White "Ignat Diana (ROM)"]
[Black "Manu Alina (ROM)"]
[Result "1-0"]
[WhiteElo "2114"]
[BlackElo "2005"]

1.d4 d6 2.c4 Nd7 3.Nc3 e5 4.d5 Be7 5.Nf3 f5 6.e4 Nc5 7.exf5 Bxf5 8.b4 Ne4
9.Nxe4 Bxe4 10.Bd3 Bxf3 11.Qxf3 Nf6 12.O-O O-O 13.Bf5 g6 14.Be6+ Kg7 15.Qe3
Nh5 16.g3 Bg5 {#r} 1-0

[Event "Ch World (juniors) (under 18)"]
[Site "Duisburg (Germany)"]
[Round "0"]
[White "Danielian Oganes (ARM)"]
[Black "Jonker Marc (NED)"]
[Result "1-0"]
[WhiteElo "2530"]
[BlackElo "2300"]

1.d4 d6 2.Nf3 Bg4 3.c4 g6 4.h3 Bxf3 5.gxf3 Bg7 6.f4 Nf6 7.Nc3 c6 8.e4 O-O
9.Be3 e6 10.Bg2 Nbd7 11.O-O Nh5 12.e5 d5 13.cxd5 cxd5 14.f5 exf5 15.Nxd5 Qh4
16.Qd2 h6 17.Bxh6 Bxh6 18.Qxh6 Rae8 19.f4 Re6 20.Qg5 Qxg5 21.fxg5 Ng3 22.Rfe1
Rc8 23.Kf2 Nh5 24.Rac1 Rxc1 25.Rxc1 Nb6 26.Nc7 {#r} 1-0

[Event "Ch Denmark (team) 1991/92"]
[Site "Denmark"]
[Round "7"]
[White "Pedersen Erik (DEN)"]
[Black "Buch Carsten (DEN)"]
[Result "1-0"]
[WhiteElo "2399"]
[BlackElo "2210"]

1.d4 d6 2.Nf3 g6 3.c4 f5 4.Nc3 Nf6 5.h3 Bg7 6.Bf4 O-O 7.e3 a5 8.Be2 Na6 9.Bh2
Kh8 10.O-O Qe8 11.c5 h6 12.cxd6 exd6 13.Qa4 Bd7 14.Qb3 a4 15.Qc2 g5 16.a3 g4
17.hxg4 fxg4 18.Nh4 Qh5 19.Ng6+ Kg8 20.Bc4+ Rf7 21.Nf4 Qg5 22.Qg6 Rf8 23.Qxg5
hxg5 24.Ne6 Re7 25.Nxc7+ Kh8 26.Nxa6 {#r} 1-0

[Event "It (open)"]
[Site "St. Petersburg (Russia)"]
[Round "0"]
[White "Grote Dirk (GER)"]
[Black "Gorbatov Alexej (RUS)"]
[Result "0-1"]
[WhiteElo "2150"]
[BlackElo "2368"]

1.d4 d6 2.c4 e5 3.d5 f5 4.Nc3 Nf6 5.Bg5 Be7 6.Qc2 Nxd5 7.cxd5 Bxg5 8.Nf3 Bh6
9.e3 O-O 10.O-O-O Na6 11.Be2 Bd7 12.h4 Rb8 13.Ng5 Qe7 14.g4 Bxg5 15.hxg5 e4
16.Rh2 fxg4 17.Nxe4 Bf5 18.Nf6+ Rxf6 19.gxf6 Qe5 {#R} 0-1

[Event "It (open)"]
[Site "San Bernadino Brocco (Switzerland)"]
[Round "2"]
[White "Kieboom Bert (NZL)"]
[Black "Hodgson Julian M (ENG)"]
[Result "0-1"]
[WhiteElo "2047"]
[BlackElo "2535"]

1.d4 d6 2.Nf3 Bg4 3.Bf4 Bxf3 4.gxf3 g6 5.e4 Bg7 6.c3 Nd7 7.Qb3 Rb8 8.Nd2 Ngf6
9.Rd1 O-O 10.Be2 a6 11.Nc4 d5 12.Nd2 e6 13.c4 Nh5 14.Be3 c5 15.Nf1 dxc4
16.Qxc4 b5 17.Qb3 cxd4 18.Bxd4 Qa5+ 19.Qc3 b4 20.Qe3 b3+ 21.Nd2 bxa2 22.O-O
Bxd4 23.Qxd4 Nf4 {#R} 0-1

[Event "Staatsliga"]
[Site "Austria"]
[Round "0"]
[White "Farago Ivan (HUN)"]
[Black "Mokry Karel (CZE)"]
[Result "1-0"]
[WhiteElo "2510"]
[BlackElo "2420"]

1.d4 d6 2.Nf3 Bg4 3.e4 Nf6 4.Nc3 e6 5.h3 Bh5 6.Qe2 a6 7.g4 Bg6 8.h4 h5 9.g5
Nfd7 10.Be3 b5 11.Nd2 Nb6 12.d5 e5 13.a4 b4 14.Nd1 c6 15.a5 N6d7 16.Qc4 c5
17.c3 bxc3 18.Nxc3 Be7 19.b4 O-O 20.Na4 cxb4 21.Qxb4 Nc5 22.Nxc5 dxc5 23.Qb7
Nd7 24.Bh3 f5 25.d6 Bxd6 26.Qd5+ Kh7 {#r} 1-0

[Event "It (open)"]
[Site "Ostrava (Czech Republic)"]
[Round "6"]
[White "Bagaturov Giorgi (GEO)"]
[Black "Nesterov Jakov (KAZ)"]
[Result "1-0"]
[WhiteElo "2397"]
[BlackElo "2448"]

1.d4 d6 2.Nf3 Bg4 3.e4 Nf6 4.Bd3 e6 5.O-O c6 6.c4 Be7 7.Nc3 O-O 8.h3 Bh5 9.Be3
Nbd7 10.Rc1 Bg6 11.d5 cxd5 12.exd5 e5 13.Bxg6 hxg6 14.b4 a5 15.a3 Nb6 16.Qb3
a4 17.Qa2 g5 18.c5 Nc8 19.c6 bxc6 20.dxc6 Qc7 21.b5 Nb6 22.Bxg5 Rfd8 23.Bxf6
Bxf6 24.Nd5 Nxd5 25.Qxd5 Ra5 26.Rb1 {#r} 1-0

[Event "It (open)"]
[Site "Sao Paulo (Brazil)"]
[Round "3"]
[White "Agdamus Jose Luis (BRA)"]
[Black "Milos Gilberto (BRA)"]
[Result "0-1"]
[WhiteElo "2276"]
[BlackElo "2555"]

1.d4 d6 2.c4 g6 3.Nc3 Bg7 4.g3 f5 5.Bg2 Nf6 6.e4 fxe4 7.Nxe4 Nxe4 8.Bxe4 Nc6
9.Be3 e5 10.d5 Nd4 11.h4 Bf5 12.Qd3 O-O 13.O-O-O Qd7 14.Bxd4 Bxe4 15.Qxe4 exd4
16.Nh3 Rae8 17.Qd3 Qg4 18.Rd2 Rf3 19.Qf1 d3 20.Ng5 Qxc4+ 21.Kb1 Re2 {#R} 0-1

[Event "It (open)"]
[Site "Buenos Aires (Argentina)"]
[Round "7"]
[White "Mellano Santiago (ARG)"]
[Black "Garcia Raimundo (ARG)"]
[Result "0-1"]
[WhiteElo "2221"]
[BlackElo "2305"]

1.d4 d6 2.c4 e5 3.Nf3 Bg4 4.dxe5 Bxf3 5.gxf3 Nc6 6.exd6 Bxd6 7.Nc3 Qh4 8.Qa4
O-O-O 9.Be3 Bf4 10.Bxf4 Qxf4 11.Bh3+ Kb8 12.Kf1 Nf6 13.Bg2 Rd2 14.c5 Qxa4
15.Nxa4 Rhd8 16.Bh3 Nd4 17.Nc3 Rxb2 18.Rd1 Rc2 19.Ne4 Nd5 20.Rxd4 Rc1+ 21.Kg2
Nf4+ 22.Kg3 Nxe2+ 23.Kh4 Rxd4 {#R} 0-1